| 000 | 00541nam a2200157 a 4500 | ||
|---|---|---|---|
| 999 |
_c5059 _d5059 |
||
| 001 | 5059 | ||
| 003 | CDMR | ||
| 005 | 20240123165905.0 | ||
| 008 | 130130s1981||||||||||||||||||||||||||||d | ||
| 040 |
_aCDMR _bcat _cCDMR |
||
| 245 | 3 |
_aLa premsa comarcal de Catalunya _b: la història, el cens, la censura, experiències, la Diputació i el Servei de Premsa : revista Arrel (núm 1 abril-juny 1981) |
|
| 260 |
_aBarcelona : _bDiputació de Barcelona, _c1981 |
||
| 300 | _a53 p. | ||
| 650 | 0 | 4 |
_93717 _aPremsa comarcal _zCatalunya |
| 942 |
_cFULLET _2udc |
||